Statistics for noooolan's Hockey General Knowledge #1

Click here to take the quiz!

General Stats

  • This quiz has been taken 39 times
    (34 since last reset)
  • The average score is 7 of 10

Answer Stats

QuestionAnswer% Correct
Which of these franchises no longer exist?Atlanta Thrashers
97%
Which hockey player is known as "The Great One"?Wayne Gretzky
97%
How many Stanley Cups have the Montreal Canadiens won?24
93%
When was the last time the Toronto Maple Leafs won a Stanley Cup?1967
90%
Which goalie has the most wins in their career?Martin Brodeur
90%
Who leads the Ottawa Senators in all-time points?Daniel Alfredsson
76%
Who scored the Cup-Winning Goal in 2014?Alec Martinez
69%
Which goalie tandem brought home the Jennings trophy in 2015-16?Frederik Andersen and John Gibson
52%
And which goalie has the most losses in their career?Martin Brodeur
48%
Which goalie came 2nd in Vezina voting in 2009-2010?Ilya Bryzgalov
10%

Score Distribution

Percentile by Number Answered

Percent of People with Each Score

Your Score History

You have not taken this quiz since the last reset